| 000 | 00449nam a2200169Ia 4500 | ||
|---|---|---|---|
| 008 | 230718s9999 xx 000 0 und d | ||
| 020 | _a9780070669239 | ||
| 041 | _aeng | ||
| 082 |
_a006.7 _bBAN |
||
| 100 |
_aBanerji A. _9115868 |
||
| 245 | _aMultimedia Technologies | ||
| 260 |
_c2012 _bMcGraw Hill |
||
| 300 | _a314 | ||
| 365 |
_cRs. _b430.00 |
||
| 700 | _aBanerji A. & Ghosh A.M. | ||
| 906 |
_dO:0372206-Feb-2014B:366602-Jan-2014 _cCOMP _b494.5 |
||
| 999 |
_c335216 _d335216 |
||